ZEE d'Asie - Carte Quiz - Statistiques

Statistiques générales
  • Ce quiz a été pris 134 fois
    61 depuis la dernière actualisation
  • Le résultat moyen est 27 sur 39
Réponses sur la Carte
Les réponses sont colorées sur une échelle allant du rouge au vert en fonction du pourcentage des utilisateurs qui les ont devinées à leur premier essai. Vous pouvez retrouver ces pourcentages ci-dessous.
 
Statistiques - réponses
Réponse % Correct
Chine
88%
Arabie Saoudite
86%
Inde
86%
Russie
86%
Irak
81%
Iran
81%
Bangladesh
79%
Corée du Nord
77%
Corée du Sud
77%
Géorgie
77%
Israël
77%
Turquie
77%
Yémen
77%
Indonésie
74%
Japon
74%
Jordanie
74%
Sri Lanka
74%
Syrie
74%
Liban
72%
Pakistan
72%
Thaïlande
72%
Oman
70%
Birmanie
67%
Chypre
67%
ÉAU
67%
Maldives
67%
Koweït
65%
Qatar
65%
Viêt Nam
65%
Philippines
63%
Malaisie
60%
Bahreïn
58%
Cambodge
56%
Timor oriental
56%
Australie
53%
Royaume-Uni
53%
Singapour
53%
Taïwan
53%
Brunei
42%
Aucun quiz correspondant
Distribution des résultats
% des personnes avec chaque résultat
Percentile par nombre de réponses
Votre historique - résultats
Vous n’avez pas pris ce quiz depuis la dernière actualisation